Characters in Ugly Betty Quiz Stats

 Plays Quiz not verified by Sporcle

Support Sporcle.
Go Orange.
Score 0/23 Timer 05:00
0 Plays Today
Actor/Actress Character % Correct
America FerreraBetty Suarez
99.4%
Eric MabiusDaniel Meade
96.7%
Michael UrieMarc St. James
92.8%
Becki NewtonAmanda Tanen
90.1%
Ana OrtizHilda Suarez
89.3%
Mark IndelicatoJustin Suarez
85.9%
Vanessa WilliamsWilhelmina Slater
82.3%
Judith LightClaire Meade
78.5%
Rebecca RomijnAlexis Meade
76.5%
Christopher GorhamHenry Grubstick
73.7%
Tony PlanaIgnacio Suarez
72.1%
Ashley JensenChristina McKinney
68.5%
Actor/Actress Character % Correct
Alan DaleBradford Meade
63.8%
Freddy RodriguezGiovanni Rossi
53.9%
Daniel Eric GoldMatt Hartley
47.8%
Jayma MaysCharlie
39.8%
Kevin SussmanWalter
35.9%
Grant BowlerConnor Owens
33.8%
Lindsay LohanKimmie Keegan
33.3%
Kevin AlejandroSantos
32.9%
Sarah LafleurMolly
29.2%
Octavia SpencerConstance Grady
19.4%
Alec MapaSuzuki St. Pierre
18.6%

You're not logged in!

Compare scores with friends on all Sporcle quizzes.
OR
Log In

From the Vault

Unique Starting South American Countries

by sproutcm

All countries have unique beginnings if you use enough letters.
Remove Ads.
Support Sporcle.
Get the best of Sporcle when you Go Orange. This ad-free experience offers more features, more stats, and more fun while also helping to support Sporcle. Thank you for becoming a member.

Show Comments

Extras

Top Quizzes Today


Score Distribution

Your Account Isn't Verified!

In order to create a playlist on Sporcle, you need to verify the email address you used during registration. Go to your Sporcle Settings to finish the process.

Report this User

Report this user for behavior that violates our Community Guidelines.

Details: